International express intermediate (Teacher's resource book)

Saved in:
Bibliographic Details
Main Author: Liz Taylor
Format: Book
Language:Undetermined
Published: New York Oxford Univ. Press 1997
Subjects:
Tags: Add Tag
No Tags, Be the first to tag this record!
Institutions: Trung tâm Học liệu Trường Đại học Cần Thơ
LEADER 00657nam a2200205Ia 4500
001 CTU_35171
008 210402s9999 xx 000 0 und d
020 |c 72000 
082 |a 428.24 
082 |b T244t 
100 |a Liz Taylor 
245 0 |a International express intermediate (Teacher's resource book) 
245 0 |c Liz Taylor 
260 |a New York 
260 |b Oxford Univ. Press 
260 |c 1997 
650 |a English language,English language,Listening 
650 |x Poken english - problems, exercises, etc,Textbooks for foreign speakers,Problems, exercises, etc 
904 |i Minh 
980 |a Trung tâm Học liệu Trường Đại học Cần Thơ